The language of graphic design : (Record no. 33721)
[ view plain ]
| 000 -LEADER | |
|---|---|
| fixed length control field | 02021cam a2200373 a 4500 |
| 001 - CONTROL NUMBER | |
| control field | 16542933 |
| 003 - CONTROL NUMBER IDENTIFIER | |
| control field | JO-AjAnu |
| 005 - DATE AND TIME OF LATEST TRANSACTION | |
| control field | 20241019100033.0 |
| 008 - FIXED-LENGTH DATA ELEMENTS--GENERAL INFORMATION | |
| fixed length control field | 101118s2011 maua b 001 0 eng |
| 010 ## - LIBRARY OF CONGRESS CONTROL NUMBER | |
| LC control number | 2010049318 |
| 020 ## - INTERNATIONAL STANDARD BOOK NUMBER | |
| International Standard Book Number | 9781592536764 |
| 020 ## - INTERNATIONAL STANDARD BOOK NUMBER | |
| International Standard Book Number | 159253676X |
| 020 ## - INTERNATIONAL STANDARD BOOK NUMBER | |
| Canceled/invalid ISBN | 9781610580359 |
| 035 ## - SYSTEM CONTROL NUMBER | |
| System control number | (OCoLC)ocn662403548 |
| 040 ## - CATALOGING SOURCE | |
| Original cataloging agency | DLC |
| Transcribing agency | DLC |
| Modifying agency | YDX |
| -- | BTCTA |
| -- | YDXCP |
| -- | CDX |
| -- | IAD |
| -- | BWX |
| -- | UKWOH |
| -- | DLC |
| -- | JO-AjAnu |
| 041 ## - LANGUAGE CODE | |
| Language code of text/sound track or separate title | ENG |
| 050 00 - LIBRARY OF CONGRESS CALL NUMBER | |
| Classification number | NC997 |
| Item number | .P63 2011 |
| 082 00 - DEWEY DECIMAL CLASSIFICATION NUMBER | |
| Classification number | 741.6 |
| Edition number | 22 |
| 100 1# - MAIN ENTRY--PERSONAL NAME | |
| Personal name | Poulin, Richard. |
| 245 14 - TITLE STATEMENT | |
| Title | The language of graphic design : |
| Remainder of title | An Illustrated Handbook for Understanding Fundamental Design Principles / |
| Statement of responsibility, etc. | Richard Poulin. |
| 246 30 - VARYING FORM OF TITLE | |
| Title proper/short title | Illustrated handbook for understanding fundamental design principles |
| 260 ## - PUBLICATION, DISTRIBUTION, ETC. | |
| Place of publication, distribution, etc. | Beverly, Mass. : |
| Name of publisher, distributor, etc. | Rockport Publishers, |
| Date of publication, distribution, etc. | c2018. |
| 300 ## - PHYSICAL DESCRIPTION | |
| Extent | 287 p. : |
| Other physical details | ill. (chiefly col.) ; |
| Dimensions | 27 cm. |
| 504 ## - BIBLIOGRAPHY, ETC. NOTE | |
| Bibliography, etc. note | Includes bibliographical references (p. 272-274) and index. |
| 505 0# - FORMATTED CONTENTS NOTE | |
| Formatted contents note | Point -- Line -- Shape -- Form -- Light -- Color -- Texture -- Scale -- Movement -- Space -- Balance -- Symmetry -- Asymmetry -- Tension -- Closure -- Expression -- Abstraction -- Tone -- Contrast -- Figure ground -- Frame -- Proportion -- Image -- Pattern -- Typography -- Grid. |
| 520 8# - SUMMARY, ETC. | |
| Summary, etc. | 'The Language of Graphic Design' provides graphic design students and practitioners with an in-depth understanding of the fundamental elements and principles of their language, what they are, why they are important and how to use them effectively. |
| 650 #0 - SUBJECT ADDED ENTRY--TOPICAL TERM | |
| Topical term or geographic name entry element | Graphic arts. |
| 650 #0 - SUBJECT ADDED ENTRY--TOPICAL TERM | |
| Topical term or geographic name entry element | Design. |
| 856 42 - ELECTRONIC LOCATION AND ACCESS | |
| Materials specified | Contributor biographical information |
| Uniform Resource Identifier | <a href="http://catdir.loc.gov/catdir/enhancements/fy1105/2010049318-b.html">http://catdir.loc.gov/catdir/enhancements/fy1105/2010049318-b.html</a> |
| 856 42 - ELECTRONIC LOCATION AND ACCESS | |
| Materials specified | Publisher description |
| Uniform Resource Identifier | <a href="http://catdir.loc.gov/catdir/enhancements/fy1105/2010049318-d.html">http://catdir.loc.gov/catdir/enhancements/fy1105/2010049318-d.html</a> |
| 906 ## - LOCAL DATA ELEMENT F, LDF (RLIN) | |
| a | 7 |
| b | cbc |
| c | orignew |
| d | 1 |
| e | ecip |
| f | 20 |
| g | y-gencatlg |
| 942 ## - ADDED ENTRY ELEMENTS (KOHA) | |
| Source of classification or shelving scheme | Library of Congress Classification |
| Koha item type | Books |
| Suppress in OPAC | No |
| Withdrawn status | Lost status | Source of classification or shelving scheme | Damaged status | Not for loan | Home library | Current library | Date acquired | Total Checkouts | Full call number | Barcode | Date last seen | Price effective from | Koha item type |
|---|---|---|---|---|---|---|---|---|---|---|---|---|---|
| Library of Congress Classification | مكتبة جامعة عجلون الوطنية | مكتبة جامعة عجلون الوطنية | 16/10/2024 | NC997.P63 2018 | E3916 | 16/10/2024 | 16/10/2024 | Books |